000
00332nam a2200145Ia 4500
005
20250401085500.0
008
240331s9999 xx 000 0 und d
082
_b
VAI
_a
894
245
0
_a
Vaira malar
260
_a
Kandy
_b
Thamil Mandram
_c
1991
300
_a
73 p .,
650
_a
Poems
700
_a
Haniffa, S.M.
_e
edt
942
_c
L
999
_c
4199
_d
4199